| 000 | 02261cam a22003134a 4500 | ||
|---|---|---|---|
| 999 |
_c113115 _d113115 |
||
| 003 | BJBSDDR | ||
| 005 | 20230411090137.0 | ||
| 007 | ta | ||
| 008 | 031126s2004 maua 001 0 eng | ||
| 020 | _a0674013425 (alk. paper) | ||
| 020 | _a067401832X (pbk. : alk. paper) | ||
| 040 |
_aDLC _cDLC _bspa |
||
| 041 | _aspa | ||
| 042 | _apcc | ||
| 050 | 0 | 0 |
_aQC 174.12 _bF699q 2004 |
| 082 | 0 | 0 |
_a530.12 _222 |
| 100 | 1 |
_aFord, Kenneth William, _d1926- |
|
| 245 | 1 | 4 |
_aThe quantum world : _bquantum physics for everyone / _cKenneth W. Ford. |
| 246 | 3 | 0 | _aQuantum physics for everyone |
| 260 |
_aCambridge, Mass. : _bHarvard University Press, _c2004. |
||
| 300 |
_aix, 270 p. : _bill. ; _c23 cm. |
||
| 500 | _aIncludes index. | ||
| 505 | _a Beneath the surface of things -- How small is small? How fast is fast? -- Meet the Leptons -- The rest of the extended family -- Quantum lumps -- Quantum jumps -- Social and antisocial particles -- Clinging to constancy -- Waves and particles -- Pushing the limits -- Appendixes: Measurements and magnitudes; The particles; Going for the gold. | ||
| 520 | _aDrawing on a deep familiarity with the discoveries of the twentieth century, [the author] gives an ... account of quantum physics that will help the serious reader make sense of a science that, for all its successes, remains mysterious. He tells a good story while depicting both the subatomic world and the world of physics research as lively places populated by highly interesting characters. At the core of this book are the "big ideas" of quantum physics, including granularity (matter and some of its properties, like energy, are "lumpy"), wave-particle duality, the uncertainty principle, the nature of bosons and fermions, and superposition and entanglement (an atom can be in two or more states of motion at once). [This book] imparts ... a knowledge of the strange laws governing the atoms, nuclei, and fundamental particles that inhabit the quantum world.-Dust jacket. | ||
| 650 | 0 | _aQuantum theory. | |
| 906 |
_a7 _bcbc _corignew _d1 _eocip _f20 _gy-gencatlg |
||
| 942 |
_2lcc _cBK |
||